LEADER 01323nam a2200277 u 4500 001 000000011518 003 CaOOAMICUS 005 20070226105432.0 008 941010s1979 sp u000 u spa u 035 $a10282730 040 $aPUL$bita 100 1 $aFolgado Flórez, Segundo,$cO.S.A.$0(OLS)http://pul/name/11089 245 10$aTeoría eclesial en el Pastor de Hermas /$cSegundo Folgado Flóez, O.S.A. 260 $aMonasterio de El Escorial :$bBiblioteca "La ciudad de Dios",$c1979. 300 $axi, 137 p. ;$c24 cm 490 1 $aBiblioteca "La Ciudad de Dios".$aI, Libros ;$v30 504 $aBibliografia: p. 135-137. 600 04$aHermas,$dsec. II.$tPastor$9(Hermas, sec. II)$xCritica e interpretazione.$0(OLS)http://pul/subject/8775 650 4$aPadri apostolici$xIndici, concordanze, ecc.$0(OLS)http://pul/subject/8776 830 0$aBiblioteca "La Ciudad de Dios".$nI,$pLibros ;$v30.$0(OLS)http://pul/title/16691 850 $aPUL 852 $aPUL$W1$xSL Religione 1$y3$m24 A 23$j16289$nBK-PRI$b $qStampati$B16289$CPULBib$Z2$F16289 $H $81 941 1 $a8 961 $aINV: 46923 996 $6245$aTeoría eclesial en el Pastor de Hermas$9(OLS)http://pul/title/16690 996 $6260$aMonasterio de El Escorial :$bBiblioteca "La ciudad de Dios"$9(OLS)http://pul/publisher/53317 LEADER 01484nam a2200301 u 4500 001 000000066079 003 CaOOAMICUS 005 20070226121533.0 008 020107s1930 it u000 u lat u 035 $a10915290 040 $aPUL(R)$bita 100 1 $aMinges, Parthenius,$cO.F.M.,$d1861-1926.$0(OLS)http://pul/name/18168 245 10$aIoannis Duns Scoti doctrina philosophica et theologica quoad res praecipuas proposta et exposita /$cParthenius Minges. 260 $a[s.l.] :$bAd Claras Aquas ex typographia collegii S. Bonaventurae,$c1930. 300 $a2 v. ;$c24 cm 500 $aContiene indice. 500 $a"Opus posthumum pro manuscripto". 504 $aBibliografia in nota. 505 0 $at. 1. Doctrina philosophica. Theologia fundamentalis. -- t. 2. Theologia specialis. 600 14$aDuns Scotus, Iohannes,$cb.,$d1266-1308$xFilosofia.$0(OLS)http://pul/subject/2289 850 $aPUL 852 $aPUL$W1$xDP2 Filosofia 1$y62$m97 D 43$j145907$nBK-PRI$bV. 1$qStampati$B85443$CPULBib$Z2$F85443 $82 852 $aPUL$W1$xDP2 Filosofia 1$y62$m97 D 44$j145908$nBK-PRI$bV. 2$qStampati$B85444$CPULBib$Z2$F85444 $82 941 1 $a8 961 $aINV: 13077 (t. 2) 961 $aINV: 13077 (t. 2) 996 $6245$aIoannis Duns Scoti doctrina philosophica et theologica quoad res praecipuas proposta et exposita$9(OLS)http://pul/title/87797 996 $6260$a[s.l.] :$bAd Claras Aquas ex typographia collegii S. Bonaventurae$9(OLS)http://pul/publisher/71279